|
|
|
|
| LEADER |
00000nab a2200000 a 4500 |
| 001 |
vtls000025741 |
| 003 |
SK-MaSNL |
| 005 |
20260305011103.0 |
| 008 |
111103c1979 xo 0 slo |
| 015 |
|
|
|a SNBRB19rr/mm-uuuuu
|
| 035 |
|
|
|a CL0035835
|
| 040 |
|
|
|a SNKBUCL
|b slo
|c SNKBUCL
|e AACR2
|
| 041 |
0 |
|
|a slo
|
| 044 |
|
|
|a xo
|c SK
|
| 080 |
|
|
|a 885.4-1(087.5)
|2 1981
|
| 100 |
1 |
|
|a Farkašová, Etela,
|d 1943-
|4 aut
|9 100186
|
| 245 |
1 |
0 |
|a Jarná radovánka
|c Etela Farkašová ; Ján Dressler
|
| 650 |
0 |
7 |
|a rečňovanky
|2 snkbucl
|9 278360
|
| 650 |
0 |
7 |
|a literatúra pre deti a mládež
|2 snkbucl
|9 21893
|
| 655 |
|
7 |
|a články z novín a časopisov
|2 snkbucl
|9 267496
|
| 655 |
|
7 |
|a články z odboru literárna veda a krásna literatúra
|2 snkbucl
|9 770045
|
| 700 |
1 |
|
|a Dressler, Ján,
|d 1942-
|4 gup
|9 99110
|
| 773 |
0 |
|
|t Zornička
|g Roč. 31, č. 14 (1978/1979), s. 10
|
| 850 |
|
|
|a Slovenská národná knižnica v Martine
|a MTA001
|
| 852 |
|
|
|a SNK
|b KIS3GCP
|
| 958 |
|
|
|a RK
|
| 958 |
|
|
|a LX
|
| 992 |
|
|
|a RBX
|
| 999 |
|
|
|c 3250697
|d 3252627
|